• 首页
  • 本馆介绍
  • 公告通知
  • 最新文献
  • 馆藏检索
  • 电子资源
  • 读者导购
  • 参考咨询
  • 我的图书馆
  • 登录
  • 详细信息显示
  • 放入我的书架
  • 预约/预借图书
  • 作者相关作品
  • 分类相关作品
  • 丛书相关作品
  • 出版社相关作品

书目信息

  • 表格格式
  • 工作单格式
  • 卡片格式
题名:
建设世界科技中心路径研究
    
 
作者: 王宏伟 著
分册:  
出版信息: 北京   经济管理出版社  2020.05
页数: 198页
开本: 24cm
丛书名:
单 册:
中图分类: G321.2 , G322
科图分类:
主题词: 科学中心--ke xue zhong xin--发展--研究--世界 , 科学技术--ke xue ji shu--技术发展--研究--中国
电子资源:
ISBN: 978-7-5096-7215-0
000 01859nam0 2200253 450
001 0109110124
005 20201109110335.0
010    @a978-7-5096-7215-0@dCNY88.00
100    @a20200701d2020 em y0chiy0110 ea
101 0  @achi
102    @aCN@b110000
105    @ay z 000yy
106    @ar
200 1  @a建设世界科技中心路径研究@Ajian she shi jie ke ji zhong xin lu jing yan jiu@f王宏伟著
210    @a北京@c经济管理出版社@d2020.05
215    @a198页@d24cm
330    @a近现代以来的科技革命和工业革命不断创造着人类社会变革的重大历史机遇,深刻改变世界发展进程和格局。我国当前正处于由发展中国家向现代化强国迈进的发展阶段,面对国内经济发展进入新常态、中美国际贸易摩擦升级和国际高科技竞争日趋复杂化的新形势,要紧紧抓住和用好新一轮科技革命和产业变革的机遇,积极建设世界科技中心,为现代化强国建设提供战略支撑。本研究首先对世界科技中心的内涵和主要条件进行理论分析,总结了世界主要科学中心的演变及其规律性,比较分析了国内外创新中心并进行经验借鉴总结。研究建立了世界科技创新中心的指标体系和模型并进行了实证研究,测度分析了中国与世界主要创新型国家的差距。研究还对未来科技发展趋势和世界竞争格局变迁进行了分析,在此基础上,刨析了在百年未有之大变局下我国科技发展的战略机遇和风险挑战,进而还对我国建设世界科技创新中心的有利条件、存在的突出问题和短板进行分析。在上述研究的基础上,从构建现代化国家创新体系,加强基础研究,加强关键核心技术突破并与重大需求有机结合,培养和吸引高水平人才,建设多个区域创新中心,培育良好的创新环境等维度提出建设世界科技创新中心的战略重点,并从深化科技体制机制改革,优化科技创新政策,完善提升科技创新公共服务,扩大国际科技合作,加强学风作风建设等方面提出政策建议。
606 0  @a科学中心@Ake xue zhong xin@x发展@x研究@x世界
606 0  @a科学技术@Ake xue ji shu@x技术发展@x研究@y中国
690    @aG321.2@v5
690    @aG322@v5
701  0 @a王宏伟@Awang hong wei@4著
801  0 @aCN@bBJSZM@c20201103
905    @b1267477-80@dG321.2@e45@f4
    
    建设世界科技中心路径研究/王宏伟著.-北京:经济管理出版社,2020.05
    198页;24cm
    
    
    ISBN 978-7-5096-7215-0:CNY88.00
    近现代以来的科技革命和工业革命不断创造着人类社会变革的重大历史机遇,深刻改变世界发展进程和格局。我国当前正处于由发展中国家向现代化强国迈进的发展阶段,面对国内经济发展进入新常态、中美国际贸易摩擦升级和国际高科技竞争日趋复杂化的新形势,要紧紧抓住和用好新一轮科技革命和产业变革的机遇,积极建设世界科技中心,为现代化强国建设提供战略支撑。本研究首先对世界科技中心的内涵和主要条件进行理论分析,总结了世界主要科学中心的演变及其规律性,比较分析了国内外创新中心并进行经验借鉴总结。研究建立了世界科技创新中心的指标体系和模型并进行了实证研究,测度分析了中国与世界主要创新型国家的差距。研究还对未来科技发展趋势和世界竞争格局变迁进行了分析,在此基础上,刨析了在百年未有之大变局下我国科技发展的战略机遇和风险挑战,进而还对我国建设世界科技创新中心的有利条件、存在的突出问题和短板进行分析。在上述研究的基础上,从构建现代化国家创新体系,加强基础研究,加强关键核心技术突破并与重大需求有机结合,培养和吸引高水平人才,建设多个区域创新中心,培育良好的创新环境等维度提出建设世界科技创新中心的战略重点,并从深化科技体制机制改革,优化科技创新政策,完善提升科技创新公共服务,扩大国际科技合作,加强学风作风建设等方面提出政策建议。
●
相关链接 在E读中查询图书 在五车中查询图书 在当当中查询图书 在豆瓣中查询图书


正题名:建设世界科技中心路径研究     索取号:G321.2/45         预约/预借

序号 登录号 条形码 馆藏地/架位号 状态 备注
1 1267477   212674774   第一样本阅览室/ [索取号:G321.2/45] 在馆    
2 1267478   212674783   教育系资料室/ [索取号:G321.2/45] 在馆    
3 1267479   212674792   教育系资料室/ [索取号:G321.2/45] 在馆    
4 1267480   212674809   第四借阅区/ [索取号:G321.2/45] 在馆    
唐山师范学院图书馆 欢迎您!
大连网信软件有限公司© 版权所有